<?xml version="1.0" encoding="UTF-8"?>
<record
    xmlns:xsi="http://www.w3.org/2001/XMLSchema-instance"
    xsi:schemaLocation="http://www.loc.gov/MARC21/slim http://www.loc.gov/standards/marcxml/schema/MARC21slim.xsd"
    xmlns="http://www.loc.gov/MARC21/slim">

  <leader>03134nam a2200277   4500</leader>
  <controlfield tag="005">20250711065304.0</controlfield>
  <datafield tag="020" ind1=" " ind2=" ">
    <subfield code="a">9783662667996</subfield>
    <subfield code="c">TZS 243,783/=</subfield>
  </datafield>
  <datafield tag="040" ind1=" " ind2=" ">
    <subfield code="a">MUL</subfield>
    <subfield code="b">eng.</subfield>
    <subfield code="e">AACR2</subfield>
  </datafield>
  <datafield tag="082" ind1=" " ind2=" ">
    <subfield code="a">658.848 BER</subfield>
  </datafield>
  <datafield tag="100" ind1=" " ind2=" ">
    <subfield code="a">Berndt, Ralph</subfield>
  </datafield>
  <datafield tag="245" ind1=" " ind2=" ">
    <subfield code="a">International marketing management /</subfield>
    <subfield code="c">Ralph Berndt, Claudia Fantapie' Altobelli and Matthias Sander.</subfield>
  </datafield>
  <datafield tag="260" ind1=" " ind2=" ">
    <subfield code="a">Berlin :</subfield>
    <subfield code="b">Springer Gabler,</subfield>
    <subfield code="c">2023.</subfield>
  </datafield>
  <datafield tag="300" ind1=" " ind2=" ">
    <subfield code="a">xiv, 608p. :</subfield>
    <subfield code="b">ill. ;</subfield>
    <subfield code="c">27cm.</subfield>
  </datafield>
  <datafield tag="500" ind1=" " ind2=" ">
    <subfield code="a">Includes bibliographical references at the end of each chapter</subfield>
  </datafield>
  <datafield tag="520" ind1=" " ind2=" ">
    <subfield code="a">For every company that is active internationally, a systematically operated cross-national marketing management is indispensable in order to secure its own existence in the long term. The rapid changes on many markets and in many countries also mean that professional information gathering and processing of market-relevant data must take place within the framework of international market research. Based on this data, market-oriented decisions have to be made within international marketing management in order to achieve operational goals. This book deals not only with the "classic" topics of international marketing, such as international market research and the international use of individual marketing instruments, but also with the various management sub-functions of planning, controlling, organization and human resources management in internationally active companies. The contents Information basics of international marketing management Strategic international marketing International use of marketing instruments International marketing controlling International marketing organization Human resources management in internationally active companies The Authors Prof. (ret.) Dr. Ralph Berndt held the Chair of Business Administration, in particular Marketing, and was Head of the Research Center for International Marketing at the Eberhard Karls University of Tbingen. Prof. Dr. Claudia Fantapi Altobelli has headed the Institute of Marketing at Helmut Schmidt University, University of the Federal Armed Forces Hamburg, since 1995. Her work focuses on market research, international marketing, marketing and new media. Prof. Dr. Matthias Sander has held the Chair of General Business Administration with a focus on marketing at the University of Konstanz since 1998. His work focuses in particular on brand management and international marketing. This book is a translation of an original German edition. The translation was done with the help of artificial intelligence (machine translation by the service DeepL.com). A subsequent human revision was done primarily in terms of content, so that the book will read stylistically differently from a conventional translation.</subfield>
  </datafield>
  <datafield tag="546" ind1=" " ind2=" ">
    <subfield code="a">eng.</subfield>
  </datafield>
  <datafield tag="650" ind1=" " ind2=" ">
    <subfield code="a">International marketing planning  </subfield>
  </datafield>
  <datafield tag="650" ind1=" " ind2=" ">
    <subfield code="a">Marketing environment </subfield>
  </datafield>
  <datafield tag="650" ind1=" " ind2=" ">
    <subfield code="a">International market research </subfield>
  </datafield>
  <datafield tag="650" ind1=" " ind2=" ">
    <subfield code="a">International market strategies </subfield>
  </datafield>
  <datafield tag="650" ind1=" " ind2=" ">
    <subfield code="a">International campanies management </subfield>
  </datafield>
  <datafield tag="700" ind1=" " ind2=" ">
    <subfield code="a">ALTOBELLI, Claudia F.</subfield>
  </datafield>
  <datafield tag="700" ind1=" " ind2=" ">
    <subfield code="a">SANDER, Mathias</subfield>
  </datafield>
  <datafield tag="856" ind1=" " ind2=" ">
    <subfield code="a">Springer.com</subfield>
    <subfield code="u">https://doi.org/10.1007/978-3-662-66800-9</subfield>
  </datafield>
  <datafield tag="942" ind1=" " ind2=" ">
    <subfield code="c">BK</subfield>
  </datafield>
  <datafield tag="999" ind1=" " ind2=" ">
    <subfield code="c">11056</subfield>
    <subfield code="d">11056</subfield>
  </datafield>
  <datafield tag="952" ind1=" " ind2=" ">
    <subfield code="0">0</subfield>
    <subfield code="1">0</subfield>
    <subfield code="4">0</subfield>
    <subfield code="7">0</subfield>
    <subfield code="a">MU0001</subfield>
    <subfield code="b">MU0001</subfield>
    <subfield code="d">2025-06-25</subfield>
    <subfield code="e">Mark Solution (HEET)</subfield>
    <subfield code="l">0</subfield>
    <subfield code="o">658.848 BER</subfield>
    <subfield code="p">0087449</subfield>
    <subfield code="r">2025-07-10 13:20:06</subfield>
    <subfield code="t">4</subfield>
    <subfield code="w">2025-07-10</subfield>
    <subfield code="y">BK</subfield>
  </datafield>
  <datafield tag="952" ind1=" " ind2=" ">
    <subfield code="0">0</subfield>
    <subfield code="1">0</subfield>
    <subfield code="4">0</subfield>
    <subfield code="7">0</subfield>
    <subfield code="a">MU0001</subfield>
    <subfield code="b">MU0001</subfield>
    <subfield code="d">2025-06-25</subfield>
    <subfield code="e">Mark Solution (HEET)</subfield>
    <subfield code="l">0</subfield>
    <subfield code="o">658.848 BER</subfield>
    <subfield code="p">0087459</subfield>
    <subfield code="r">2025-07-10 13:20:54</subfield>
    <subfield code="t">1</subfield>
    <subfield code="w">2025-07-10</subfield>
    <subfield code="y">BK</subfield>
  </datafield>
  <datafield tag="952" ind1=" " ind2=" ">
    <subfield code="0">0</subfield>
    <subfield code="1">0</subfield>
    <subfield code="4">0</subfield>
    <subfield code="7">0</subfield>
    <subfield code="a">MU0001</subfield>
    <subfield code="b">MU0001</subfield>
    <subfield code="d">2025-06-25</subfield>
    <subfield code="e">Mark Solution (HEET)</subfield>
    <subfield code="l">0</subfield>
    <subfield code="o">658.848 BER</subfield>
    <subfield code="p">0087460</subfield>
    <subfield code="r">2025-07-10 13:20:54</subfield>
    <subfield code="t">2</subfield>
    <subfield code="w">2025-07-10</subfield>
    <subfield code="y">BK</subfield>
  </datafield>
  <datafield tag="952" ind1=" " ind2=" ">
    <subfield code="0">0</subfield>
    <subfield code="1">0</subfield>
    <subfield code="4">0</subfield>
    <subfield code="7">0</subfield>
    <subfield code="a">MU0001</subfield>
    <subfield code="b">MU0001</subfield>
    <subfield code="d">2025-06-25</subfield>
    <subfield code="e">Mark Solution (HEET)</subfield>
    <subfield code="l">0</subfield>
    <subfield code="o">658.848 BER</subfield>
    <subfield code="p">0087461</subfield>
    <subfield code="r">2025-07-10 13:20:54</subfield>
    <subfield code="t">3</subfield>
    <subfield code="w">2025-07-10</subfield>
    <subfield code="y">BK</subfield>
  </datafield>
</record>
